000 00302nam a2200109Ia 4500
001 1276695
005 20260417160452.0
008 260417s9999 xx 000 0 und d
020 _a9786052857267
245 0 _aArkadaş Canlısı - İyi Düşün, Anton!
_cMeike Haberstock
260 _bTudem Yayınları
999 _c1276695
_d1276695